000 00741cam a2200241 a 4500
001 000004762
005 20200929151511.0
008 910606s1973 sp 000 f spa
020 _a8430057048
040 _aDO-SdBNP
_bspa
_cBNPHU
082 _a851.1
_bA411div
100 1 _aAlighieri, Dante,
_d1265-1321.
_913825
245 1 3 _aLa Divina Comedia /
_cDante Alighieri ; traducción de Rafael Pérez Delgado.
260 _aMadrid :
_bGiner,
_c1973.
300 _a440 p. ;
_c22 cm.
440 0 _aClásicos Giner.
_913829
650 4 _aPoesía italiana
_94554
650 4 _aLiteratura italiana
_yANTERIOR A 1400
_913826
700 1 _aPérez Delgado, Rafael,
_etr.
_913830
910 _aCatalogación derivada
910 _aWM
049 _aBNGR
999 _c4568
_d4568